Fractal and wavelet image compression techniques / (Record no. 175645)
[ view plain ]
| 000 -LEADER | |
|---|---|
| fixed length control field | 00924 a2200217 4500 |
| 003 - CONTROL NUMBER IDENTIFIER | |
| control field | Nust |
| 005 - DATE AND TIME OF LATEST TRANSACTION | |
| control field | 20220811143150.0 |
| 010 ## - LIBRARY OF CONGRESS CONTROL NUMBER | |
| LC control number | 99051601 |
| 020 ## - INTERNATIONAL STANDARD BOOK NUMBER | |
| International Standard Book Number | 0819435031 (softcover) |
| 040 ## - CATALOGING SOURCE | |
| Transcribing agency | Nust |
| 082 00 - DEWEY DECIMAL CLASSIFICATION NUMBER | |
| Classification number | 621.367,WEL |
| 100 1# - MAIN ENTRY--PERSONAL NAME | |
| Personal name | Welstead, Stephen T., |
| 9 (RLIN) | 96885 |
| 245 10 - TITLE STATEMENT | |
| Title | Fractal and wavelet image compression techniques / |
| Statement of responsibility, etc. | Stephen Welstead. |
| 260 ## - PUBLICATION, DISTRIBUTION, ETC. | |
| Place of publication, distribution, etc. | Bellingham, Wash. : |
| Name of publisher, distributor, etc. | SPIE Optical Engineering Press, |
| Date of publication, distribution, etc. | c1999. |
| 300 ## - PHYSICAL DESCRIPTION | |
| Extent | xv, 232 p. : |
| Other physical details | ill. ; |
| Dimensions | 26 cm. |
| 490 1# - SERIES STATEMENT | |
| Series statement | Tutorial texts series ; |
| Volume/sequential designation | vol. TT 40 |
| 505 ## - FORMATTED CONTENTS NOTE | |
| Formatted contents note | Introduction Page (Page-1), Fractals Image Compression (Page-11), Wavelet Image Compression (Page-93), Daubechies Wavelets (Page-119), Wavelet Image Compression Techniques (Page-131), Comparison Of Fractals And Wavelet Image Compression (Page-155). |
| 650 #0 - SUBJECT ADDED ENTRY--TOPICAL TERM | |
| Topical term or geographic name entry element | Telecommunication Engineering. |
| 830 #0 - SERIES ADDED ENTRY--UNIFORM TITLE | |
| Uniform title | Tutorial texts in optical engineering ; |
| 9 (RLIN) | 96344 |
| 942 ## - ADDED ENTRY ELEMENTS (KOHA) | |
| Koha item type | Reference |
| Source of classification or shelving scheme | |
| Withdrawn status | Lost status | Source of classification or shelving scheme | Damaged status | Not for loan | Permanent Location | Current Location | Shelving location | Date acquired | Full call number | Barcode | Date last seen | Price effective from | Koha item type | Public note |
|---|---|---|---|---|---|---|---|---|---|---|---|---|---|---|
| Military College of Signals (MCS) | Military College of Signals (MCS) | Reference | 12/12/2016 | 621.367,WEL | MCS30926 | 12/08/2016 | 12/12/2016 | Reference | Almirah No.20, Shelf No.6 | |||||
| Military College of Signals (MCS) | Military College of Signals (MCS) | General Stacks | 07/20/2023 | 621.367,WEL | MCS33581 | 07/20/2023 | 07/20/2023 | Book | Almirah No.88, Shelf No.3 |
